| 000 | 00355nam a2200133Ia 4500 | ||
|---|---|---|---|
| 005 | 20260328104329.0 | ||
| 008 | 260328s9999||||xx |||||||||||||| ||und|| | ||
| 100 | _aGillen, Nicola | ||
| 245 | 0 |
_aRETHINK Design Guide : _b Architecture for a post-pandemic World / _cNicola Gillen |
|
| 260 | _bRIBA | ||
| 300 | _a240 p. | ||
| 650 | _aVIVIENDA | ||
| 942 | _cBK | ||
| 999 |
_c11628 _d11628 |
||